Work Foundation says embrace homeworking (Record no. 72689)
[ view plain ]
| 000 -LEADER | |
|---|---|
| fixed length control field | 01035cam a2200193 4500 |
| 001 - CONTROL NUMBER | |
| control field | WB3919-10 |
| 008 - FIXED-LENGTH DATA ELEMENTS--GENERAL INFORMATION | |
| fixed length control field | 030519n2003 000 0 eng u |
| 035 ## - SYSTEM CONTROL NUMBER | |
| System control number | (Sirsi) u122321 |
| 245 ## - TITLE STATEMENT | |
| Title | Work Foundation says embrace homeworking |
| 260 ## - PUBLICATION, DISTRIBUTION, ETC. | |
| Date of publication, distribution, etc. | 2003 |
| 490 ## - SERIES STATEMENT | |
| Series statement | Work Foundation Press Release |
| Volume/sequential designation | 19 May 2003 (2) |
| 520 ## - SUMMARY, ETC. | |
| Summary, etc. | In a new report, "Time to go home - embracing the homeworking revolution", the Work Foundation predicts that tax changes in the 2003 budget and the recently introduced to right to request flexible working will encourage homeworking. At present homeworking is organised on an ad hoc basis and the Work Foundation want to encourage both government and employers to use it on a more defined basis. The report is available to download from the Work Foundation website, http://www.theworkfoundation.com/servlet/IndSocProduct?id=5110000056. |
| 590 ## - LOCAL NOTE (RLIN) | |
| Local note | WB |
| 650 ## - SUBJECT ADDED ENTRY--TOPICAL TERM | |
| Topical term or geographic name entry element | HOMEWORKING |
| 650 ## - SUBJECT ADDED ENTRY--TOPICAL TERM | |
| Topical term or geographic name entry element | FLEXIBLE WORKING PRACTICES |
| 650 ## - SUBJECT ADDED ENTRY--TOPICAL TERM | |
| Topical term or geographic name entry element | OFFICES |
| 690 ## - LOCAL SUBJECT ADDED ENTRY--TOPICAL TERM (OCLC, RLIN) | |
| Topical term or geographic name as entry element | MANAGEMENT-FACILITIES MANAGEMENT |
| 942 ## - ADDED ENTRY ELEMENTS (KOHA) | |
| Suppress in OPAC | 0 |
| Withdrawn status | Lost status | Source of classification or shelving scheme | Damaged status | Not for loan | Home library | Current library | Shelving location | Date acquired | Total Checkouts | Full call number | Barcode | Date last seen | Copy number | Price effective from | Koha item type |
|---|---|---|---|---|---|---|---|---|---|---|---|---|---|---|---|
| Dewey Decimal Classification | London | London | News article | 19/05/2003 | WB3919-10 | 122321-1001 | 06/08/2019 | 1 | 06/08/2019 | News article |